[Event "GER-chW Blitz 2019"]
[Site "Magdeburg"]
[Date "2019.05.25"]
[Round "12.6"]
[White "Osmanodja, Filiz"]
[Black "Schulze, Lara"]
[Result "0-1"]
[WhiteElo "2260"]
[BlackElo "2160"]
[Annotator "NA"]
[PlyCount "138"]
[EventDate "2019.05.25"]
[EventType "tourn"]
[EventCountry "GER"]
[SourceTitle "playchess.com"]
[Source "ChessBase"]
[SourceQuality "1"]
[TimeControl "180+2"]

1. e4 {[%emt 0:00:00]} e6 {[%emt 0:00:00]} 2. d3 {[%emt 0:00:03]} d5 {[%emt 0:00:00]} 3. Qe2 {[%emt 0:00:04]} c5 {[%emt 0:00:10]} 4. exd5 {[%emt 0:00:10]} Qxd5 {[%emt 0:00:01]} 5. Nc3 {[%emt 0:00:00]} Qd8 {[%emt 0:00:22]} 6. Bf4 {[%emt 0:00:02]} Nf6 {[%emt 0:00:21]} 7. Nf3 {[%emt 0:00:40]} Nc6 {[%emt 0:00:03]} 8. O-O-O {[%emt 0:00:15]} a6 {[%emt 0:00:12]} 9. Ne4 {[%emt 0:00:11]} Nd5 {[%emt 0:00:19]} 10. Bd2 {[%emt 0:00:23]} Be7 {[%emt 0:00:34]} 11. Kb1 {[%emt 0:00:06]} O-O {[%emt 0:00:16]} 12. Nfg5 {[%emt 0:00:02]} f5 {[%emt 0:00:24]} 13. Nxh7 {[%emt 0:00:53]} Kxh7 {[%emt 0:00:04]} 14. Qh5+ {[%emt 0:00:03]} Kg8 {[%emt 0:00:02]} 15. Ng5 {[%emt 0:00:04]} Bxg5 {[%emt 0:00:10]} 16. Bxg5 Qe8 17. Qh4 {[%emt 0:00:13]} Nf6 {[%emt 0:00:11]} 18. Be2 {[%emt 0:00:03]} Nd4 {[%emt 0:00:03]} 19. Bf3 {[%emt 0:00:09]} Qa4 {[%emt 0:00:11]} 20. b3 {[%emt 0:00:04]} Qa5 {[%emt 0:00:03]} 21. Bd2 {[%emt 0:00:04]} Qa3 {[%emt 0:00:06]} 22. Bc1 {[%emt 0:00:03]} Qa5 {[%emt 0:00:02]} 23. Bb2 {[%emt 0:00:04]} Nb5 {[%emt 0:00:01]} 24. Qc4 {[%emt 0:00:04]} Na3+ {[%emt 0:00:02]} 25. Bxa3 Qxa3 {[%emt 0:00:01]} 26. g4 {[%emt 0:00:03]} Qb4 {[%emt 0:00:01]} 27. Qxb4 cxb4 {[%emt 0:00:00]} 28. gxf5 {[%emt 0:00:02]} exf5 {[%emt 0:00:01]} 29. Rhg1 {[%emt 0:00:01]} Kf7 {[%emt 0:00:02]} 30. Rg5 {[%emt 0:00:02]} g6 {[%emt 0:00:01]} 31. Rdg1 {[%emt 0:00:01]} Rg8 {[%emt 0:00:02]} 32. h4 {[%emt 0:00:03]} Rb8 {[%emt 0:00:03]} 33. h5 {[%emt 0:00:03]} Be6 {[%emt 0:00:03]} 34. hxg6+ {[%emt 0:00:02]} Kg7 {[%emt 0:00:01]} 35. Rh1 {[%emt 0:00:02]} Rh8 {[%emt 0:00:00]} 36. Rxh8 {[%emt 0:00:01]} Rxh8 {[%emt 0:00:01]} 37. Bxb7 {[%emt 0:00:04]} a5 {[%emt 0:00:01]} 38. Kb2 {[%emt 0:00:03]} Rh6 {[%emt 0:00:04]} 39. d4 {[%emt 0:00:02]} Rxg6 {[%emt 0:00:01]} 40. Rxg6+ {[%emt 0:00:01]} Kxg6 {[%emt 0:00:01]} 41. c4 {[%emt 0:00:01]} bxc3+ {[%emt 0:00:02]} 42. Kxc3 {[%emt 0:00:00]} Bd5 {[%emt 0:00:08]} 43. Bxd5 Nxd5+ 44. Kc4 Nf4 {[%emt 0:00:05]} 45. Kb5 {[%emt 0:00:12]} Nd3 {[%emt 0:00:01]} 46. f3 {[%emt 0:00:02]} Ne1 {[%emt 0:00:01]} 47. f4 {[%emt 0:00:03]} Nd3 {[%emt 0:00:01]} 48. d5 {[%emt 0:00:02]} Nxf4 49. d6 Ne6 {[%emt 0:00:04]} 50. Kc4 {[%emt 0:00:04]} f4 {[%emt 0:00:02]} 51. Kd3 {[%emt 0:00:01]} Kf5 {[%emt 0:00:01]} 52. a3 {[%emt 0:00:03]} Ke5 {[%emt 0:00:01]} 53. b4 {[%emt 0:00:02]} axb4 {[%emt 0:00:02]} 54. axb4 {[%emt 0:00:01]} Kxd6 {[%emt 0:00:01]} 55. Ke4 {[%emt 0:00:02]} Kc6 {[%emt 0:00:01]} 56. Kf3 {[%emt 0:00:05]} Kb5 {[%emt 0:00:00]} 57. Ke4 {[%emt 0:00:01]} Kxb4 {[%emt 0:00:01]} 58. Kf3 {[%emt 0:00:00]} Kc5 {[%emt 0:00:01]} 59. Ke4 {[%emt 0:00:01]} Kd6 {[%emt 0:00:00]} 60. Kf3 {[%emt 0:00:00]} Ke5 {[%emt 0:00:01]} 61. Kf2 {[%emt 0:00:01]} Nd4 {[%emt 0:00:00]} 62. Kf1 {[%emt 0:00:01]} Ke4 {[%emt 0:00:01]} 63. Kf2 {[%emt 0:00:00]} f3 {[%emt 0:00:02]} 64. Kf1 {[%emt 0:00:01]} Ke3 65. Ke1 Nf5 {[%emt 0:00:06]} 66. Kf1 {[%emt 0:00:02]} Ng3+ {[%emt 0:00:01]} 67. Kg1 {[%emt 0:00:02]} f2+ {[%emt 0:00:01]} 68. Kh2 {[%emt 0:00:01]} f1=Q {[%emt 0:00:02]} 69. Kxg3 {[%emt 0:00:02]} Qf4+ {[%emt 0:00:01]} 0-1

[Event "GER-chW Blitz 2019"]
[Site "Magdeburg"]
[Date "2019.05.25"]
[Round "12.7"]
[White "Michna, Marta"]
[Black "Kushka, Alena"]
[Result "1-0"]
[WhiteElo "2355"]
[BlackElo "2148"]
[Annotator "NA"]
[PlyCount "75"]
[EventDate "2019.05.25"]
[EventType "tourn"]
[EventCountry "GER"]
[SourceTitle "playchess.com"]
[Source "ChessBase"]
[SourceQuality "1"]
[TimeControl "180+2"]

1. d4 {[%emt 0:00:00]} Nf6 {[%emt 0:00:00]} 2. c3 {[%emt 0:00:00]} c5 {[%emt 0:00:00]} 3. Nf3 {[%emt 0:00:00]} b6 {[%emt 0:00:05]} 4. e3 {[%emt 0:00:08]} Bb7 {[%emt 0:00:01]} 5. Be2 {[%emt 0:00:01]} g6 {[%emt 0:00:01]} 6. Nbd2 {[%emt 0:00:01]} Bg7 {[%emt 0:00:02]} 7. O-O {[%emt 0:00:01]} O-O {[%emt 0:00:02]} 8. b3 {[%emt 0:00:03]} d6 {[%emt 0:00:02]} 9. Bb2 {[%emt 0:00:01]} Nbd7 {[%emt 0:00:01]} 10. c4 {[%emt 0:00:02]} cxd4 {[%emt 0:00:11]} 11. exd4 {[%emt 0:00:15]} Re8 {[%emt 0:00:07]} 12. d5 {[%emt 0:00:04]} e5 {[%emt 0:00:15]} 13. dxe6 {[%emt 0:00:02]} fxe6 {[%emt 0:00:07]} 14. Re1 {[%emt 0:00:06]} Qc7 {[%emt 0:00:09]} 15. Bf1 {[%emt 0:00:08]} e5 {[%emt 0:00:13]} 16. Ng5 {[%emt 0:00:29]} Nc5 {[%emt 0:00:16]} 17. b4 {[%emt 0:00:14]} Ne6 {[%emt 0:00:02]} 18. Nge4 {[%emt 0:00:11]} Nxe4 {[%emt 0:00:26]} 19. Nxe4 {[%emt 0:00:01]} Rad8 {[%emt 0:00:00]} 20. Rc1 {[%emt 0:00:09]} Nf4 {[%emt 0:00:07]} 21. g3 {[%emt 0:00:05]} Ne6 {[%emt 0:00:06]} 22. Bg2 {[%emt 0:00:06]} Qe7 {[%emt 0:00:13]} 23. Qa4 {[%emt 0:00:06]} Ba8 {[%emt 0:00:12]} 24. h4 {[%emt 0:00:13]} Qf7 {[%emt 0:00:16]} 25. Rcd1 {[%emt 0:00:12]} Nd4 {[%emt 0:00:11]} 26. Ng5 {[%emt 0:00:10]} Qxc4 {[%emt 0:00:13]} 27. Bxa8 {[%emt 0:00:09]} Rxa8 {[%emt 0:00:03]} 28. Bxd4 {[%emt 0:00:05]} b5 {[%emt 0:00:10]} 29. Qa6 {[%emt 0:00:14]} exd4 {[%emt 0:00:01]} 30. Qb7 {[%emt 0:00:13]} Qxa2 {[%emt 0:00:11]} 31. h5 {[%emt 0:00:07]} Qc4 {[%emt 0:00:05]} 32. hxg6 {[%emt 0:00:13]} hxg6 {[%emt 0:00:01]} 33. Rc1 Qb3 {[%emt 0:00:02]} 34. Rb1 {[%emt 0:00:04]} Qc4 {[%emt 0:00:02]} 35. Rec1 {[%emt 0:00:02]} Qd3 {[%emt 0:00:03]} 36. Qf7+ {[%emt 0:00:04]} Kh8 {[%emt 0:00:01]} 37. Kg2 {[%emt 0:00:01]} Qf5 {[%emt 0:00:01]} 38. Rh1+ {[%emt 0:00:01]} 1-0

[Event "GER-chW Blitz 2019"]
[Site "Magdeburg"]
[Date "2019.05.25"]
[Round "12.8"]
[White "Muetsch, Annmarie"]
[Black "Ries, Jutta"]
[Result "1/2-1/2"]
[WhiteElo "2266"]
[BlackElo "2017"]
[Annotator "NA"]
[PlyCount "117"]
[EventDate "2019.05.25"]
[EventType "tourn"]
[EventCountry "GER"]
[SourceTitle "playchess.com"]
[Source "ChessBase"]
[SourceQuality "1"]
[TimeControl "180+2"]

1. e4 {[%emt 0:00:00]} Nf6 {[%emt 0:00:00]} 2. e5 {[%emt 0:00:02]} Nd5 {[%emt 0:00:00]} 3. d4 {[%emt 0:00:02]} d6 {[%emt 0:00:01]} 4. Nf3 {[%emt 0:00:01]} g6 {[%emt 0:00:01]} 5. Bc4 {[%emt 0:00:02]} Nb6 {[%emt 0:00:01]} 6. Bb3 {[%emt 0:00:02]} Bg7 {[%emt 0:00:07]} 7. Qe2 {[%emt 0:00:01]} O-O {[%emt 0:00:03]} 8. h3 {[%emt 0:00:01]} Nc6 {[%emt 0:00:06]} 9. c3 {[%emt 0:00:08]} dxe5 {[%emt 0:00:11]} 10. dxe5 {[%emt 0:00:03]} Bf5 {[%emt 0:00:06]} 11. Bf4 {[%emt 0:00:35]} e6 {[%emt 0:00:42]} 12. Na3 {[%emt 0:00:15]} Qd3 {[%emt 0:00:25]} 13. Rd1 {[%emt 0:00:18]} Qxe2+ {[%emt 0:00:03]} 14. Kxe2 {[%emt 0:00:01]} Rad8 {[%emt 0:00:03]} 15. Nb5 {[%emt 0:00:10]} Nd7 {[%emt 0:00:39]} 16. Nxc7 {[%emt 0:00:30]} Ndxe5 {[%emt 0:00:03]} 17. Nxe5 {[%emt 0:00:12]} Nxe5 {[%emt 0:00:02]} 18. Bxe5 {[%emt 0:00:28]} Bxe5 {[%emt 0:00:01]} 19. Nb5 {[%emt 0:00:05]} a6 {[%emt 0:00:02]} 20. Na3 {[%emt 0:00:11]} g5 {[%emt 0:00:07]} 21. Bc2 {[%emt 0:00:03]} Bxc2 22. Nxc2 {[%emt 0:00:01]} Kg7 {[%emt 0:00:12]} 23. Ne3 {[%emt 0:00:03]} Bf6 {[%emt 0:00:08]} 24. Rxd8 Rxd8 {[%emt 0:00:01]} 25. Rd1 {[%emt 0:00:13]} Rxd1 {[%emt 0:00:05]} 26. Kxd1 {[%emt 0:00:02]} h5 {[%emt 0:00:03]} 27. Kc2 {[%emt 0:00:02]} Be7 {[%emt 0:00:04]} 28. g4 {[%emt 0:00:09]} hxg4 {[%emt 0:00:03]} 29. hxg4 {[%emt 0:00:01]} Kf6 {[%emt 0:00:01]} 30. Kd3 {[%emt 0:00:05]} Bc5 {[%emt 0:00:05]} 31. Nd1 {[%emt 0:00:03]} Ke5 {[%emt 0:00:02]} 32. f3 {[%emt 0:00:02]} Kf4 {[%emt 0:00:02]} 33. Ke2 {[%emt 0:00:01]} e5 {[%emt 0:00:09]} 34. b3 {[%emt 0:00:04]} e4 {[%emt 0:00:03]} 35. fxe4 {[%emt 0:00:02]} Kxg4 {[%emt 0:00:02]} 36. Nb2 {[%emt 0:00:03]} Bb6 {[%emt 0:00:03]} 37. Nd3 {[%emt 0:00:02]} Kg3 {[%emt 0:00:06]} 38. e5 {[%emt 0:00:02]} Bc7 {[%emt 0:00:05]} 39. Ke3 {[%emt 0:00:02]} g4 {[%emt 0:00:01]} 40. c4 {[%emt 0:00:02]} Kh2 {[%emt 0:00:02]} 41. Ke2 {[%emt 0:00:07]} g3 {[%emt 0:00:01]} 42. Ne1 {[%emt 0:00:03]} Kh1 {[%emt 0:00:06]} 43. Nf3 {[%emt 0:00:02]} g2 {[%emt 0:00:02]} 44. Kf2 {[%emt 0:00:02]} Bb6+ {[%emt 0:00:01]} 45. Kg3 {[%emt 0:00:01]} g1=Q+ {[%emt 0:00:02]} 46. Nxg1 {[%emt 0:00:01]} Bxg1 {[%emt 0:00:01]} 47. Kf4 {[%emt 0:00:02]} Bh2+ {[%emt 0:00:01]} 48. Kf5 {[%emt 0:00:01]} Kg2 {[%emt 0:00:01]} 49. Kf6 {[%emt 0:00:02]} Kf3 {[%emt 0:00:01]} 50. Kxf7 {[%emt 0:00:02]} Bxe5 {[%emt 0:00:01]} 51. Ke6 {[%emt 0:00:01]} Bd4 {[%emt 0:00:02]} 52. Kd5 {[%emt 0:00:02]} Ke3 {[%emt 0:00:02]} 53. c5 {[%emt 0:00:03]} Kd3 {[%emt 0:00:01]} 54. c6 {[%emt 0:00:03]} bxc6+ {[%emt 0:00:03]} 55. Kxc6 {[%emt 0:00:01]} a5 {[%emt 0:00:01]} 56. Kb5 {[%emt 0:00:02]} Bc3 {[%emt 0:00:01]} 57. a3 {[%emt 0:00:02]} Kc2 {[%emt 0:00:02]} 58. b4 {[%emt 0:00:00]} axb4 {[%emt 0:00:01]} 59. axb4 {[%emt 0:00:01]} 1/2-1/2

[Event "GER-chW Blitz 2019"]
[Site "Magdeburg"]
[Date "2019.05.25"]
[Round "12.9"]
[White "Siegl, Melina"]
[Black "Lubbe, Melanie"]
[Result "1-0"]
[WhiteElo "2029"]
[BlackElo "2278"]
[Annotator "NA"]
[PlyCount "69"]
[EventDate "2019.05.25"]
[EventType "tourn"]
[EventCountry "GER"]
[SourceTitle "playchess.com"]
[Source "ChessBase"]
[SourceQuality "1"]
[TimeControl "180+2"]

1. e4 {[%emt 0:00:00]} c5 {[%emt 0:00:00]} 2. Nf3 {[%emt 0:00:00]} d6 {[%emt 0:00:00]} 3. d3 {[%emt 0:00:01]} Nc6 {[%emt 0:00:01]} 4. g3 {[%emt 0:00:01]} g6 {[%emt 0:00:01]} 5. Bg2 {[%emt 0:00:01]} Bg7 {[%emt 0:00:01]} 6. c3 {[%emt 0:00:01]} e6 {[%emt 0:00:01]} 7. O-O {[%emt 0:00:02]} Nge7 {[%emt 0:00:03]} 8. Re1 {[%emt 0:00:01]} O-O {[%emt 0:00:03]} 9. Nbd2 {[%emt 0:00:01]} Rb8 {[%emt 0:00:01]} 10. Nf1 {[%emt 0:00:02]} b5 {[%emt 0:00:03]} 11. Be3 {[%emt 0:00:02]} b4 {[%emt 0:00:04]} 12. Qd2 {[%emt 0:00:01]} bxc3 13. bxc3 {[%emt 0:00:01]} Ba6 {[%emt 0:00:04]} 14. h4 {[%emt 0:00:06]} Rb6 {[%emt 0:00:13]} 15. Red1 {[%emt 0:00:21]} Qb8 {[%emt 0:00:04]} 16. Bh6 {[%emt 0:00:03]} Rb2 {[%emt 0:00:05]} 17. Qc1 {[%emt 0:00:14]} Qb6 {[%emt 0:00:24]} 18. Bxg7 {[%emt 0:00:04]} Kxg7 {[%emt 0:00:01]} 19. h5 {[%emt 0:00:04]} Rb8 {[%emt 0:00:20]} 20. h6+ {[%emt 0:00:09]} Kf8 {[%emt 0:00:34]} 21. Qf4 {[%emt 0:00:03]} Ng8 {[%emt 0:00:21]} 22. Ng5 {[%emt 0:00:20]} Nxh6 {[%emt 0:00:18]} 23. Nxe6+ {[%emt 0:00:19]} Kg8 {[%emt 0:00:09]} 24. Qxh6 {[%emt 0:00:15]} fxe6 {[%emt 0:00:00]} 25. Bh3 {[%emt 0:00:01]} Nd8 {[%emt 0:00:03]} 26. Ne3 {[%emt 0:00:08]} Qc7 {[%emt 0:00:14]} 27. Ng4 {[%emt 0:00:10]} Qg7 {[%emt 0:00:01]} 28. Qf4 {[%emt 0:00:06]} e5 {[%emt 0:00:15]} 29. Qg5 {[%emt 0:00:31]} Ne6 {[%emt 0:00:12]} 30. Nh6+ {[%emt 0:00:18]} Kf8 {[%emt 0:00:03]} 31. Bxe6 {[%emt 0:00:01]} Bb5 {[%emt 0:00:14]} 32. Ng4 {[%emt 0:00:05]} Ke8 {[%emt 0:00:02]} 33. Nf6+ {[%emt 0:00:06]} Ke7 {[%emt 0:00:01]} 34. Nh5+ {[%emt 0:00:02]} Kf8 {[%emt 0:00:06]} 35. Nxg7 1-0

[Event "GER-chW Blitz 2019"]
[Site "Magdeburg"]
[Date "2019.05.25"]
[Round "12.10"]
[White "Hofmann, Karina"]
[Black "Fuchs, Judith"]
[Result "0-1"]
[WhiteElo "1700"]
[BlackElo "2218"]
[Annotator "NA"]
[PlyCount "158"]
[EventDate "2019.05.25"]
[EventType "tourn"]
[EventCountry "GER"]
[SourceTitle "playchess.com"]
[Source "ChessBase"]
[SourceQuality "1"]
[TimeControl "180+2"]

1. f4 {[%emt 0:00:00]} d5 {[%emt 0:00:00]} 2. Nf3 {[%emt 0:00:00]} g6 {[%emt 0:00:02]} 3. e3 {[%emt 0:00:01]} Bg7 {[%emt 0:00:01]} 4. Nc3 {[%emt 0:00:01]} c5 {[%emt 0:00:01]} 5. Bb5+ {[%emt 0:00:01]} Nc6 {[%emt 0:00:13]} 6. b3 {[%emt 0:00:02]} Bd7 {[%emt 0:00:09]} 7. Bb2 {[%emt 0:00:02]} e6 {[%emt 0:00:12]} 8. Qe2 {[%emt 0:00:02]} Nge7 {[%emt 0:00:01]} 9. Na4 {[%emt 0:00:07]} Bxb2 10. Nxb2 {[%emt 0:00:03]} a6 {[%emt 0:00:18]} 11. Bxc6 {[%emt 0:00:01]} Nxc6 {[%emt 0:00:01]} 12. O-O {[%emt 0:00:06]} Qf6 {[%emt 0:00:26]} 13. c3 {[%emt 0:00:10]} O-O {[%emt 0:00:07]} 14. d4 {[%emt 0:00:05]} cxd4 {[%emt 0:00:05]} 15. cxd4 {[%emt 0:00:04]} Ne7 {[%emt 0:00:13]} 16. a4 {[%emt 0:00:02]} Nf5 {[%emt 0:00:03]} 17. Ne5 {[%emt 0:00:11]} Rfd8 {[%emt 0:00:07]} 18. Rfc1 {[%emt 0:00:05]} Qe7 {[%emt 0:00:33]} 19. Rc7 {[%emt 0:00:11]} f6 {[%emt 0:00:02]} 20. Ned3 {[%emt 0:00:29]} b6 {[%emt 0:00:06]} 21. Rac1 {[%emt 0:00:01]} Rac8 {[%emt 0:00:08]} 22. Nf2 {[%emt 0:00:45]} Qd6 {[%emt 0:00:20]} 23. Rxc8 {[%emt 0:00:03]} Rxc8 {[%emt 0:00:01]} 24. Rxc8+ {[%emt 0:00:07]} Bxc8 {[%emt 0:00:00]} 25. g4 {[%emt 0:00:09]} Ne7 {[%emt 0:00:05]} 26. Qc2 {[%emt 0:00:07]} e5 {[%emt 0:00:07]} 27. dxe5 {[%emt 0:00:05]} fxe5 {[%emt 0:00:01]} 28. Nbd3 {[%emt 0:00:13]} exf4 {[%emt 0:00:07]} 29. Nxf4 {[%emt 0:00:02]} Bd7 {[%emt 0:00:04]} 30. h3 {[%emt 0:00:01]} Qe5 {[%emt 0:00:06]} 31. Qd3 {[%emt 0:00:06]} b5 {[%emt 0:00:03]} 32. Qd4 {[%emt 0:00:10]} Qxd4 {[%emt 0:00:03]} 33. exd4 {[%emt 0:00:01]} bxa4 {[%emt 0:00:01]} 34. bxa4 Bxa4 {[%emt 0:00:01]} 35. h4 {[%emt 0:00:08]} Bb5 {[%emt 0:00:03]} 36. Nd1 {[%emt 0:00:02]} a5 {[%emt 0:00:01]} 37. Nc3 {[%emt 0:00:01]} Bc4 {[%emt 0:00:01]} 38. Kf2 {[%emt 0:00:02]} Bb3 {[%emt 0:00:03]} 39. Ke3 {[%emt 0:00:02]} a4 {[%emt 0:00:01]} 40. Kd2 {[%emt 0:00:04]} a3 {[%emt 0:00:04]} 41. Kc1 {[%emt 0:00:03]} Nc6 {[%emt 0:00:03]} 42. Nfxd5 {[%emt 0:00:02]} Nxd4 {[%emt 0:00:04]} 43. Nb4 {[%emt 0:00:11]} Nf3 {[%emt 0:00:03]} 44. h5 {[%emt 0:00:01]} Ne5 {[%emt 0:00:04]} 45. hxg6 {[%emt 0:00:01]} hxg6 {[%emt 0:00:01]} 46. Nba2 {[%emt 0:00:03]} Nxg4 {[%emt 0:00:01]} 47. Kd2 {[%emt 0:00:02]} Ne5 {[%emt 0:00:01]} 48. Ke3 {[%emt 0:00:00]} Kf7 {[%emt 0:00:01]} 49. Kf4 {[%emt 0:00:01]} Ke6 {[%emt 0:00:01]} 50. Kg5 {[%emt 0:00:01]} Kf7 {[%emt 0:00:02]} 51. Nb4 {[%emt 0:00:01]} Nf3+ {[%emt 0:00:03]} 52. Kg4 {[%emt 0:00:02]} Nd4 {[%emt 0:00:01]} 53. Nba2 {[%emt 0:00:01]} Nc2 {[%emt 0:00:01]} 54. Kg5 {[%emt 0:00:04]} Ne3 {[%emt 0:00:01]} 55. Kf4 {[%emt 0:00:01]} Nc4 {[%emt 0:00:01]} 56. Ke4 {[%emt 0:00:01]} Kg7 {[%emt 0:00:03]} 57. Kd4 {[%emt 0:00:01]} Nd6 {[%emt 0:00:01]} 58. Kc5 {[%emt 0:00:01]} Nf5 {[%emt 0:00:01]} 59. Kb4 {[%emt 0:00:01]} Bxa2 {[%emt 0:00:01]} 60. Nxa2 {[%emt 0:00:01]} g5 {[%emt 0:00:02]} 61. Kxa3 g4 62. Nc3 {[%emt 0:00:07]} g3 {[%emt 0:00:06]} 63. Ne2 {[%emt 0:00:02]} g2 {[%emt 0:00:02]} 64. Ng1 {[%emt 0:00:00]} Kf6 {[%emt 0:00:02]} 65. Kb3 {[%emt 0:00:01]} Ke5 66. Kc3 {[%emt 0:00:00]} Kf4 {[%emt 0:00:03]} 67. Kd2 {[%emt 0:00:01]} Kg3 {[%emt 0:00:01]} 68. Ke2 {[%emt 0:00:03]} Nd4+ {[%emt 0:00:00]} 69. Ke3 {[%emt 0:00:02]} Nc2+ {[%emt 0:00:02]} 70. Kd2 {[%emt 0:00:03]} Na3 {[%emt 0:00:03]} 71. Ke3 {[%emt 0:00:00]} Nc4+ {[%emt 0:00:01]} 72. Kd3 {[%emt 0:00:01]} Ne5+ {[%emt 0:00:01]} 73. Ke3 {[%emt 0:00:01]} Nf7 {[%emt 0:00:01]} 74. Ne2+ {[%emt 0:00:01]} Kh2 {[%emt 0:00:02]} 75. Kf2 {[%emt 0:00:01]} Ng5 {[%emt 0:00:02]} 76. Ng1 {[%emt 0:00:02]} Ne4+ {[%emt 0:00:02]} 77. Kf3 {[%emt 0:00:06]} Kxg1 {[%emt 0:00:02]} 78. Kxe4 {[%emt 0:00:01]} Kf1 {[%emt 0:00:00]} 79. Kf4 {[%emt 0:00:00]} g1=Q {[%emt 0:00:03]} 0-1

[Event "GER-chW Blitz 2019"]
[Site "Magdeburg"]
[Date "2019.05.25"]
[Round "12.11"]
[White "Birkholz, Olga"]
[Black "Kotyk, Valeriya"]
[Result "1-0"]
[WhiteElo "2031"]
[BlackElo "1739"]
[Annotator "NA"]
[PlyCount "65"]
[EventDate "2019.05.25"]
[EventType "tourn"]
[EventCountry "GER"]
[SourceTitle "playchess.com"]
[Source "ChessBase"]
[SourceQuality "1"]
[TimeControl "180+2"]

1. e4 {[%emt 0:00:00]} e6 {[%emt 0:00:00]} 2. Qe2 {[%emt 0:00:00]} c6 {[%emt 0:00:08]} 3. f4 {[%emt 0:00:02]} d5 {[%emt 0:00:01]} 4. e5 {[%emt 0:00:02]} c5 {[%emt 0:00:02]} 5. Nf3 {[%emt 0:00:02]} Nc6 {[%emt 0:00:01]} 6. d3 {[%emt 0:00:06]} Nge7 {[%emt 0:00:02]} 7. g3 {[%emt 0:00:02]} Nf5 {[%emt 0:00:01]} 8. c3 {[%emt 0:00:03]} b6 {[%emt 0:00:02]} 9. Bh3 {[%emt 0:00:07]} Nfe7 {[%emt 0:00:03]} 10. Na3 {[%emt 0:00:07]} Bb7 {[%emt 0:00:02]} 11. Nb5 {[%emt 0:00:13]} Ng6 {[%emt 0:00:06]} 12. f5 {[%emt 0:00:07]} exf5 {[%emt 0:00:17]} 13. Bxf5 {[%emt 0:00:01]} a6 {[%emt 0:00:21]} 14. Nd6+ {[%emt 0:00:19]} Bxd6 {[%emt 0:00:03]} 15. exd6+ {[%emt 0:00:02]} Kf8 {[%emt 0:00:00]} 16. d7 {[%emt 0:00:06]} Qe7 {[%emt 0:00:12]} 17. Bf4 {[%emt 0:00:09]} Qxe2+ {[%emt 0:00:03]} 18. Kxe2 {[%emt 0:00:01]} f6 {[%emt 0:00:27]} 19. Bd6+ {[%emt 0:00:04]} Kf7 {[%emt 0:00:00]} 20. Kd2 {[%emt 0:00:11]} Nge7 {[%emt 0:00:03]} 21. Bh3 {[%emt 0:00:08]} d4 {[%emt 0:00:14]} 22. Rhf1 {[%emt 0:00:04]} dxc3+ {[%emt 0:00:02]} 23. bxc3 {[%emt 0:00:01]} c4 {[%emt 0:00:18]} 24. Ng5+ {[%emt 0:00:04]} Kg6 {[%emt 0:00:04]} 25. Ne6 {[%emt 0:00:05]} Nd5 {[%emt 0:00:13]} 26. dxc4 {[%emt 0:00:10]} Nd8 {[%emt 0:00:12]} 27. cxd5 {[%emt 0:00:03]} Bxd5 {[%emt 0:00:01]} 28. Nf4+ {[%emt 0:00:03]} Kf7 29. Nxd5 b5 {[%emt 0:00:12]} 30. Rae1 {[%emt 0:00:05]} Nc6 {[%emt 0:00:05]} 31. Be6+ {[%emt 0:00:03]} Kg6 {[%emt 0:00:02]} 32. Nf4+ {[%emt 0:00:01]} Kh6 {[%emt 0:00:02]} 33. Bd5 {[%emt 0:00:02]} 1-0

[Event "GER-chW Blitz 2019"]
[Site "Magdeburg"]
[Date "2019.05.25"]
[Round "12.12"]
[White "Rath, Alina"]
[Black "Silz, Elisa"]
[Result "1-0"]
[WhiteElo "2042"]
[BlackElo "1977"]
[Annotator "NA"]
[PlyCount "98"]
[EventDate "2019.05.25"]
[EventType "tourn"]
[EventCountry "GER"]
[SourceTitle "playchess.com"]
[Source "ChessBase"]
[SourceQuality "1"]
[TimeControl "180+2"]

1. c4 {[%emt 0:00:00]} Nf6 {[%emt 0:00:00]} 2. Nc3 {[%emt 0:00:00]} g6 {[%emt 0:00:00]} 3. g3 {[%emt 0:00:01]} Bg7 {[%emt 0:00:00]} 4. Bg2 {[%emt 0:00:01]} d6 {[%emt 0:00:00]} 5. e4 {[%emt 0:00:00]} O-O {[%emt 0:00:01]} 6. Nge2 {[%emt 0:00:01]} e5 {[%emt 0:00:01]} 7. O-O {[%emt 0:00:01]} c6 {[%emt 0:00:01]} 8. d3 a6 9. h3 {[%emt 0:00:03]} b5 {[%emt 0:00:00]} 10. b3 {[%emt 0:00:02]} Nbd7 {[%emt 0:00:03]} 11. Be3 {[%emt 0:00:03]} b4 {[%emt 0:00:02]} 12. Na4 {[%emt 0:00:04]} c5 {[%emt 0:00:01]} 13. Qd2 {[%emt 0:00:04]} Bb7 {[%emt 0:00:03]} 14. Kh2 {[%emt 0:00:02]} Ne8 {[%emt 0:00:06]} 15. Bh6 {[%emt 0:00:03]} Qc7 {[%emt 0:00:09]} 16. Bxg7 {[%emt 0:00:02]} Kxg7 {[%emt 0:00:01]} 17. f4 {[%emt 0:00:02]} f5 {[%emt 0:00:07]} 18. exf5 {[%emt 0:00:15]} Bxg2 {[%emt 0:00:04]} 19. Kxg2 {[%emt 0:00:01]} Rxf5 {[%emt 0:00:13]} 20. g4 {[%emt 0:00:02]} Rf8 {[%emt 0:00:03]} 21. Qe3 {[%emt 0:00:13]} Nef6 {[%emt 0:00:17]} 22. f5 {[%emt 0:00:10]} Qc6+ {[%emt 0:00:11]} 23. Kh2 {[%emt 0:00:03]} d5 {[%emt 0:00:12]} 24. g5 {[%emt 0:00:10]} Nh5 {[%emt 0:00:07]} 25. f6+ {[%emt 0:00:02]} Kh8 {[%emt 0:00:07]} 26. Rac1 {[%emt 0:00:25]} d4 {[%emt 0:00:14]} 27. Qf3 {[%emt 0:00:10]} Qe6 {[%emt 0:00:15]} 28. Rce1 {[%emt 0:00:17]} Qd6 {[%emt 0:00:11]} 29. Kh1 {[%emt 0:00:09]} Rae8 {[%emt 0:00:02]} 30. Ng3 {[%emt 0:00:13]} e4 {[%emt 0:00:13]} 31. Nxe4 {[%emt 0:00:11]} Rxe4 {[%emt 0:00:13]} 32. Rxe4 {[%emt 0:00:02]} Ng3+ {[%emt 0:00:05]} 33. Kg2 {[%emt 0:00:01]} Nxf1 {[%emt 0:00:10]} 34. Kxf1 {[%emt 0:00:05]} Ne5 {[%emt 0:00:05]} 35. Qf4 {[%emt 0:00:08]} Nf7 {[%emt 0:00:05]} 36. Qxd6 {[%emt 0:00:06]} Nxd6 {[%emt 0:00:01]} 37. Re6 {[%emt 0:00:07]} Nf7 {[%emt 0:00:09]} 38. h4 {[%emt 0:00:08]} h6 {[%emt 0:00:01]} 39. gxh6 {[%emt 0:00:03]} Nxh6 {[%emt 0:00:02]} 40. Nxc5 {[%emt 0:00:04]} Ng4 {[%emt 0:00:01]} 41. Nd7 {[%emt 0:00:09]} Rf7 {[%emt 0:00:06]} 42. Re8+ {[%emt 0:00:21]} Kh7 {[%emt 0:00:01]} 43. Kg2 {[%emt 0:00:09]} Ne3+ {[%emt 0:00:03]} 44. Kf3 {[%emt 0:00:06]} Nf5 {[%emt 0:00:02]} 45. Rd8 {[%emt 0:00:06]} Ne3 {[%emt 0:00:09]} 46. Nf8+ {[%emt 0:00:00]} Rxf8 {[%emt 0:00:02]} 47. Rxf8 {[%emt 0:00:00]} Nd1 {[%emt 0:00:04]} 48. Rf7+ {[%emt 0:00:01]} Kg8 {[%emt 0:00:01]} 49. Ra7 {[%emt 0:00:02]} Nb2 {[%emt 0:00:02]} 1-0